Normal view
MARC view
Entry Personal Name
001 - CONTROL NUMBER
- control field: 4912
003 - CONTROL NUMBER IDENTIFIER
- control field: BD-RjUL
005 - DATE AND TIME OF LATEST TRANSACTION
- control field: 20220920114643.0
008 - FIXED-LENGTH DATA ELEMENTS
- fixed length control field: 220920|| aca||aabn | a|a d
040 ## - CATALOGING SOURCE
- Original cataloging agency: BD-RjUL
- Transcribing agency: BD-RjUL
100 ## - HEADING--PERSONAL NAME
- Personal name: Atkin, Ron,
- Dates associated with a name: 1926-
670 ## - SOURCE DATA FOUND
- Source citation: Work cat.: (BD-RjUL)80402: Atkin, Ron, 1926-, Theoretical electromagnetism /, 1962.